000 00187nam a2200085 4500
001 1253829
005 20251103113808.0
245 _aDENİZE DÖNÜŞ
_cARZU TÜLÜMEN
260 _bDOĞAN EGMONT
999 _c1253829
_d1253829